Punjab district gazetteer: Mansa (Record no. 483218)

000 -LEADER
fixed length control field 00452cam a22001337a 4500
008 - FIXED-LENGTH DATA ELEMENTS--GENERAL INFORMATION
fixed length control field 180718b2002 xxu||||| |||| 00| 0 eng d
082 ## - DEWEY DECIMAL CLASSIFICATION NUMBER
Classification number A75 P969M
245 ## - TITLE STATEMENT
Title Punjab district gazetteer: Mansa
Statement of responsibility, etc. edited by Jagmohan Singh Hans
260 ## - PUBLICATION, DISTRIBUTION, ETC.
Place of publication, distribution, etc. Chandigarh
Name of publisher, distributor, etc. Revenue and Rehabilitation Department, Punjab
Date of publication, distribution, etc. 2002
300 ## - PHYSICAL DESCRIPTION
Extent 377+p.
650 ## - SUBJECT ADDED ENTRY--TOPICAL TERM
Topical term or geographic name entry element Mansa - Gazetteers
700 ## - ADDED ENTRY--PERSONAL NAME
Personal name Punjab. Revenue and Rehabilitation Department
700 ## - ADDED ENTRY--PERSONAL NAME
Personal name Hans, Jagmohan Singh
Holdings
Withdrawn status Lost status Damaged status Not for loan Permanent Location Current Location Date acquired Full call number Barcode Date last seen Price effective from Koha item type
        Indian Institute of Public Administration Indian Institute of Public Administration 2018-08-04 A75 P969M G20911 2018-08-04 2018-08-04 G

Powered by Koha